000 00283nam a22001337a 4500
008 180918b xxu||||| |||| 00| 0 eng d
020 _a0397505485
041 _aeng
080 _a611
100 _a3
101 _aSHM
245 _aRespiratory Care
_cBurton, G.G
942 _2udc
_cBK
999 _c47951
_d47951